Štátny hrad Červený Kameň východná strana hradu s bastiónmi z prvej pol. 16. stor., nadstavba poschodia z 18. stor.

Zobrazenie: Pohľad na hrad na návrší popod konár stromu

Bibliographic Details
Other Authors: Kosák, Jozef (fotograf) (Photographer)
Format: Postcard
Language:Slovak
PhysicalDescription:1 pohľadnica farebná 11 x 15 cm
Published: Bratislava [Epocha] 1969
Subjects:

MARC

LEADER 00000nkm a2200000 a 4500
001 vtls011858631
003 SK-MaSNL
005 20260512125926.0
007 kp co
008 230718s1969 xo g 0k|slo
015 |a SNBG1969 
035 |a urn:nbn:sk:snk-km00dtw9 
035 |a urn:nbn:sk:snk-km3lu58 
035 |a 79AB81C4-709A-4641-9D61-885E15082E9B 
040 |a SNK  |b slo  |c SNK  |e AACR2 
041 0 |a slo 
043 |a e-xo--- 
044 |a xo  |c SK 
072 7 |a 913  |x Regionálna geografia  |2 konspekt 
080 |a 913(437.6)  |2 2011 
080 |a (084.121)  |2 2011 
080 |a 908(437.6)  |2 2011 
080 |a 728.81  |2 2011 
080 |a 904:72  |2 2011 
100 1 |a Kosák, Jozef  |c (fotograf)  |4 pht  |9 11004 
245 1 0 |a Štátny hrad Červený Kameň  |h grafika  |b východná strana hradu s bastiónmi z prvej pol. 16. stor., nadstavba poschodia z 18. stor.  |c foto: Jozef Kosák 
260 |a Bratislava  |b [Epocha]  |c 1969 
300 |a 1 pohľadnica  |b farebná  |c 11 x 15 cm 
520 8 |a Zobrazenie: Pohľad na hrad na návrší popod konár stromu 
610 2 7 |a Červený Kameň (Častá, Slovensko : hrad)  |2 SNKKA  |9 165952 
650 0 7 |a hrady  |2 SNKPH  |9 3039 
650 0 7 |a národné kultúrne pamiatky  |2 SNKPH  |9 31192 
651 7 |a Častá (Slovensko)  |2 SNKPHgeo  |9 26752 
655 7 |a miestne pohľadnice  |2 SNKPH  |9 70510 
655 7 |a pohľadnice kultúrnych pamiatok  |2 SNKPH  |9 70523 
655 7 |a geografické pohľadnice  |2 SNKPH  |9 70522 
852 |a Slovenská národná knižnica 
954 |a pohľadnice pôvodné (slovenské)  |2 lita 
958 |a GBN 
958 |a GC 
958 |a OND 
958 |a EUIPO 
999 |c 1117413  |d 1119343 
952 |a SNK  |b SNK  |y PREZ  |7 0  |p 17A1232281  |o snkSP 10254  |0 0  |1 0  |4 0  |d 2019-03-28  |f 1  |l 0  |r 2026-02-24 18:20:43  |w 2026-02-24